000 00275nam a22001337a 4500
008 170527b xxu||||| |||| 00| 0 eng d
020 _a0080208630
041 _aeng
080 _a621
100 _a27
101 _aIM
245 _aSUN POWER
_cVEIGH, J.C
942 _2udc
_cBK
999 _c14682
_d14682